| 000 | 00603nam a2200229 a 4500 | ||
|---|---|---|---|
| 999 |
_c6954 _d6954 |
||
| 001 | 6954 | ||
| 003 | BD-JhCC | ||
| 005 | 20180203093359.0 | ||
| 008 | 180203s1986 bg |||| || | 000 0 eng d | ||
| 035 | _a(BD-JhCC)6954 | ||
| 040 |
_aBD-JhCC _dBD-JhCC |
||
| 041 | _aeng | ||
| 082 |
_a891.441708 _bRAS 1986 |
||
| 100 | _aRahisd, M Harunur | ||
| 245 |
_aA Choice of Contemporary Verse From Bangladesh / _cM Harunur Rahisd |
||
| 260 |
_aDhaka : _bBangla Academy, _c1986 |
||
| 300 |
_a259 p. : _c20 cm. |
||
| 650 | _aBengali Poetry | ||
| 700 | _aRahisd, M Harunur | ||
| 942 |
_2ddc _cBK |
||